[Event "SLO-ch U18"]
[Site "Sentjur"]
[Date "2005.03.03"]
[Round "8"]
[White "Volf, Ziga"]
[Black "Hocevar, Miha"]
[Result "1-0"]
[WhiteElo "2133"]
[BlackElo "1573"]
[PlyCount "47"]
[EventDate "2005.02.26"]
[EventType "swiss"]
[EventRounds "9"]
[EventCountry "SLO"]
[SourceTitle "CBM 105 Extra"]
[Source "ChessBase"]
[SourceDate "2005.05.01"]
[SourceVersion "1"]
[SourceVersionDate "2005.05.01"]
[SourceQuality "1"]

1. d4 d5 2. Nc3 Nf6 3. Bg5 e6 4. e4 dxe4 5. Nxe4 Be7 6. Bxf6 Bxf6 7. Nf3 0-0 8. Qd2 Qe7 9. 0-0-0 b6 10. Bd3 Bb7 11. g4 Rd8 12. c3 g6 13. Qf4 Bxe4 14. Bxe4 c6 15. g5 Bg7 16. Ne5 Qc7 17. Nxg6 Qxf4+ 18. Nxf4 a5 19. Nh5 Ra7 20. Rhg1 b5 21. Rg3 Rad7 22. Nf6+ Bxf6 23. gxf6+ Kh8 24. Rg7 1-0